| 000 | 00912nam a2200217 a 4500 | ||
|---|---|---|---|
| 001 | 000949485 | ||
| 003 | AM-YeHGA | ||
| 005 | 20250617145859.0 | ||
| 008 | 130304s1971 uz r 000 0 rus d | ||
| 040 | _aAM-YeHGA | ||
| 041 | 0 | _arus | |
| 245 | 0 | 0 |
_aБиологические основы рыбного хозяйства Узбекистана / _cАН УзССР. Ин-тут зоологии и паразитологии; Отв. ред. В.Ф. Гурвич. |
| 260 |
_aТашкент : _bФан, _c1971. |
||
| 300 |
_a334 с. : _bтабл. ; _c26 см. |
||
| 504 | _aБиблиогр. в конце кн. | ||
| 650 | 1 | 4 |
_aРыболовство _xРыбное хозяйство |
| 650 | 1 | 4 |
_aРыболовство _zУзбекистан |
| 700 | 1 |
_aГурвич, В.Ф. _eред. _4edt |
|
| 710 | 2 | _aИнститут зоологии и паразитологии АН УзССР | |
| 090 | _c321677 | ||
| 999 |
_c319942 _d319942 |
||